Biology : (Record no. 17828)

MARC details
000 -LEADER
fixed length control field 01244cam a22003374a 4500
001 - CONTROL NUMBER
control field 13915792
003 - CONTROL NUMBER IDENTIFIER
control field MUT
005 - DATE AND TIME OF LATEST TRANSACTION
control field 20240606081425.0
008 - FIXED-LENGTH DATA ELEMENTS--GENERAL INFORMATION
fixed length control field 050330s2006 njua 001 0 eng
010 ## - LIBRARY OF CONGRESS CONTROL NUMBER
LC control number 2005273765
020 ## - INTERNATIONAL STANDARD BOOK NUMBER
International Standard Book Number 0471433659
040 ## - CATALOGING SOURCE
Transcribing agency MUT
042 ## - AUTHENTICATION CODE
Authentication code pcc
050 00 - LIBRARY OF CONGRESS CALL NUMBER
Classification number QH 302.2
Item number .A45 2006`
082 00 - DEWEY DECIMAL CLASSIFICATION NUMBER
Classification number 570
Edition information 22
100 1# - MAIN ENTRY--PERSONAL NAME
Personal name Alters, Sandra.
245 10 - TITLE STATEMENT
Title Biology :
Remainder of title understanding life /
260 ## - PUBLICATION, DISTRIBUTION, ETC.
Place of publication, distribution, etc. Hoboken, NJ :
Name of publisher, distributor, etc. John Wiley & Sons,
Date of publication, distribution, etc. c2006.
300 ## - PHYSICAL DESCRIPTION
Extent 1 v. (various pagings) :
Other physical details col. ill. ;
Dimensions 29 cm.
500 ## - GENERAL NOTE
General note Includes index.
650 #0 - SUBJECT ADDED ENTRY--TOPICAL TERM
Topical term or geographic name entry element Biology.
650 #0 - SUBJECT ADDED ENTRY--TOPICAL TERM
Topical term or geographic name entry element Human biology.
700 1# - ADDED ENTRY--PERSONAL NAME
Personal name Alters, Brian J.
856 42 - ELECTRONIC LOCATION AND ACCESS
Materials specified Contributor biographical information
Uniform Resource Identifier <a href="http://www.loc.gov/catdir/enhancements/fy0626/2005273765-b.html">http://www.loc.gov/catdir/enhancements/fy0626/2005273765-b.html</a>
856 42 - ELECTRONIC LOCATION AND ACCESS
Materials specified Publisher description
Uniform Resource Identifier <a href="http://www.loc.gov/catdir/enhancements/fy0626/2005273765-d.html">http://www.loc.gov/catdir/enhancements/fy0626/2005273765-d.html</a>
856 41 - ELECTRONIC LOCATION AND ACCESS
Materials specified Table of contents only
Uniform Resource Identifier <a href="http://www.loc.gov/catdir/enhancements/fy0626/2005273765-t.html">http://www.loc.gov/catdir/enhancements/fy0626/2005273765-t.html</a>
906 ## - LOCAL DATA ELEMENT F, LDF (RLIN)
a 7
b cbc
c copycat
d 3
e ncip
f 20
g y-gencatlg
942 ## - ADDED ENTRY ELEMENTS (KOHA)
Source of classification or shelving scheme Library of Congress Classification
Koha item type Books
Holdings
Withdrawn status Lost status Source of classification or shelving scheme Damaged status Not for loan Home library Current library Shelving location Date acquired Source of acquisition Total checkouts Full call number Barcode Date last seen Date last checked out Price effective from Koha item type
    Library of Congress Classification     Murang'a University of Technology Library Murang'a University of Technology Library General stacks 27/09/2018 Donation -TFC 1 QH 302.2 .A45 2006` 022786 29/10/2024 14/10/2024 27/09/2018 Books